000 00191nam a2200073Ia 4500
008 170817s9999 xx 000 0 und d
100 _aCHHAYA M.P.
245 0 _aEFFECTIVE PRINCIPLES & EFFECTIVE SCHOOLS
260 _bALPHA PUB.
999 _c36698
_d36698